| 000 | 01139nac a22003257a 4500 | ||
|---|---|---|---|
| 001 | BR6900468 | ||
| 003 | BR-BrBNA | ||
| 005 | 20240105113343.0 | ||
| 008 | 230509b bl.|||m| |||| 00| 0 por d | ||
| 040 |
_aBR-BrBNA _bpor _cBiblioteca Nacional de Agricultura |
||
| 072 | _aF25; F00 | ||
| 090 | _a3801 BR6900468 | ||
| 100 | 1 | _aMielniczuk, J. | |
| 100 | 1 | _aLudwick, A. | |
| 100 | 1 | _aBohen, H. | |
| 110 | 1 |
_aUniversidade Federal do Rio Grande do Sul, Porto Alegre (Brasil). Faculdade de Agronomia e Veterinaria _911161 |
|
| 245 | 1 | _aRecomendacoes de adubo e calcario para os solos e culturas do Rio Grande do Sul [analise do solo, corretivo, plantio, Brasil] | |
| 260 | 3 |
_aPorto Alegre, RS (Brasil): _c1969. |
|
| 300 | _a9 p. | ||
| 490 |
_aBoletim Tecnico - Universidade Federal do Rio Grande do Sul. Faculdade de Agronomia e Veterinaria (Brazil) _vno. 2 _x |
||
| 500 | _a5 tables; 6 illus. | ||
| 650 | _aADUBO | ||
| 650 | _aCALCARIO | ||
| 650 | _aANALISE DO SOLO | ||
| 650 | _aCORRETIVO | ||
| 650 | _aPLANTIO | ||
| 650 | _aRIO GRANDE DO SUL | ||
| 909 |
_a202312 _bLúcia Elande _c55 _dLúcia Elande |
||
| 942 |
_2AGRIS _n0 _cMS |
||
| 999 |
_c263257 _d263257 |
||